Press Commission report [comments and reactions] (Record no. 393461)

000 -LEADER
fixed length control field 00347cam a22001097a 4500
008 - FIXED-LENGTH DATA ELEMENTS--GENERAL INFORMATION
fixed length control field 180718b1955 xxu||||| |||| 00| 0 eng d
082 ## - DEWEY DECIMAL CLASSIFICATION NUMBER
Classification number I548x54 In2c
100 ## - MAIN ENTRY--PERSONAL NAME
Personal name India. Press Commission
245 ## - TITLE STATEMENT
Title Press Commission report [comments and reactions]
Statement of responsibility, etc. by Lok Sabha Secretariat
260 ## - PUBLICATION, DISTRIBUTION, ETC.
Place of publication, distribution, etc. New Delhi
Name of publisher, distributor, etc. Lok Sabha Secretariat
Date of publication, distribution, etc. 1955
300 ## - PHYSICAL DESCRIPTION
Extent 122+p.
Holdings
Withdrawn status Lost status Damaged status Not for loan Permanent Location Current Location Date acquired Full call number Barcode Date last seen Price effective from Koha item type
        Indian Institute of Public Administration Indian Institute of Public Administration 2000-05-23 I548x54 In2c 23858 2018-07-21 2018-07-21 Book

Powered by Koha